|
|
|
|
| LEADER |
01359nam a2200253 a 4500 |
| 001 |
GR-MES3517 |
| 008 |
991111s1994 gr 000 0 gre|c |
| 020 |
|
|
|a 9603310727
|
| 040 |
|
|
|a GrPaTEI
|b gre
|c GR-PaULI
|
| 100 |
1 |
|
|a Haberle, Gregor D.,
|d 1957-
|
| 240 |
1 |
0 |
|a Transformatoren und elektrische Maschinen.
|l Ελληνικά
|
| 245 |
1 |
0 |
|a Μετασχηματιστές και ηλεκτρικές μηχανές /
|c Gregor D. Haberle, Heinz D. Haberle ; απόδοση στην ελληνική γλώσσα Φωτιάδης Νίκος.
|
| 260 |
|
|
|a Αθήνα :
|b Ευρωπαϊκές Τεχνολογικές Εκδόσεις,
|c c1994.
|
| 300 |
|
|
|a 279 σ. :
|b πίν. ;
|c 24 εκ.
|
| 490 |
0 |
|
|a Βιβλιοθήκη του ηλεκτρολόγου
|
| 500 |
|
|
|a Μετάφραση του: Transformatoren und elektrische Maschinen.
|
| 650 |
|
4 |
|a Ηλεκτρικές μηχανές.
|
| 650 |
|
4 |
|a Μετασχηματιστές.
|
| 700 |
1 |
|
|a Haberle, Heinz O.,
|d 1923-
|e συγγραφέας.
|
| 700 |
1 |
|
|a Φωτιάδης, Νίκος
|e μεταφραστής.
|
| 942 |
|
|
|2 ddc
|
| 952 |
|
|
|0 0
|1 0
|2 ddc
|4 0
|6 621_314000000000000_ΗΑΒ
|7 0
|9 268118
|a MSLG
|b MSLG
|c BSC
|d 2021-01-17
|e 24
|f 0
|g 0.00
|l 0
|o 621.314 ΗΑΒ
|p 2420000007405
|r 2021-01-17 00:00:00
|t 1
|w 2021-01-17
|y BK15
|x 19991111 0 1
|x GrPaTEI
|
| 971 |
|
|
|a .b25745621
|b 15-04-20
|c 13-09-16
|
| 999 |
|
|
|c 154437
|d 154437
|